000 00522nam a2200181Ia 4500
008 090124s9999 xx 000 0 und d
082 _b128015
100 _aप्रभावळकर दिलीप
245 _a नवी गुगली
250 _a1
260 _c1997
300 _a119
600 _aप्रभावळकर दिलीप
630 _a नवी गुगली
700 _aप्रभावळकर दिलीप
730 _a नवी गुगली
942 _cBOOK
999 _c174104
_d174104